000 00558nam a22001817a 4500
005 20251108174945.0
008 250721s2009 xx 000 0 ara d
082 1 4 _a811.9611/شاب
100 1 _aالشابي، أبو القاسم
245 1 0 _aديوان أبي القاسم الشابي أغاني الحياة /
264 1 _aالقاهرة :
_bدار المنار للطبع،
_c2009.
300 _a240ص.
650 1 7 _aالشعر العربي
650 1 7 _aالعصر الحديث
650 1 7 _aتونس
942 _2ddc
_cBK
999 _c122487
_d122487